000 01460nam0a2200337 4500
001 RU\NLR\BIBL_A\012205447
005 20260405113928.0
021 _aRU
_b89-18813
035 _a(NLR Aleph) 012205447
090 _a10859998
_c10859998
100 _a20200204d1989 |||y0rusy50 ca
101 0 _arus
102 _aRU
105 _ay z||||||||
181 0 _ai
_baxxe
182 0 _an
200 1 _aНовое политическое мышление и проблемы современной Европы
_eстенограмма лекции
_fЮ. П. Давыдов
203 _aТекст
_bвизуальный
_cнепосредственный
210 _aМосква
_cВ/О "Знание", консультационный центр
_d1989
215 _a32 с.
_d20
225 1 _aПравление Всесоюзного общества "Знание", консультационный центр
_vN 7
606 1 _aМеждународные отношения
_9910990
_3RU\NLR\AUTH\6612973
606 1 _aПолитическое мышление
_91309923
_3RU\NLR\AUTH\66226606
686 1 _aТ3(0)63-601.1
686 1 _aФ4(0)301(4)
700 1 _8rus
_7ca
_aДавыдов
_bЮ. П.
_cд-р ист. наук
_f1931-2006
_gЮрий Павлович
_3RU\NLR\AUTH\7744547
_927487
852 _aNLR
_j89-4/6276
942 _cBOOK
980 _aNB